Технологические карты образовательной деятельности по формированию алгоритмических умений у старших дошкольников к методическому комплекту "Добро пожаловать в "Алгоритмический экспресс" в комплекте с роботом и без" (Запись № 13679495)

Подробности
000 -МАРКЕР
контрольное поле 03296nam0a2200421 4500
001 - ИДЕНТИФИКАТОР ЗАПИСИ
контрольное поле RU\NLR\BIBL_A\022591429
005 - ИДЕНТИФИКАТОР ВЕРСИИ
контрольное поле 20260420051327.0
021 ## - НОМЕР ГОСУДАРСТВЕННОЙ РЕГИСТРАЦИИ
Код страны Российская Федерация
Номер КН-П-25-032120
Номер Листа государственной регистраци КН-П-25-3175
035 ## - ДРУГИЕ СИСТЕМНЫЕ НОМЕРА
Идентификатор записи (NLR Aleph) 022591429
100 ## - ДАННЫЕ ОБЩЕЙ ОБРАБОТКИ
Данные общей обработки 20250725d2025 u y0rusy50 ca
101 0# - ЯЗЫК РЕСУРСА
Язык текста, звукозаписи и т.д. русский
102 ## - СТРАНА ПУБЛИКАЦИИ ИЛИ ПРОИЗВОДСТВА
Страна публикации Российская Федерация
105 ## - ПОЛЕ КОДИРОВАННЫХ ДАННЫХ: ТЕКСТОВЫЕ МАТЕРИАЛЫ, МОНОГРАФИЧЕСКИЕ
Кодированные данные о монографическом текстовом документе a|||z|||000yy
181 #0 - ПОЛЕ КОДИРОВАННЫХ ДАННЫХ: ВИД СОДЕРЖАНИЯ
Код вида содержания (ISBD) i3
Код характеристики содержания (ISBD) axxe
182 #0 - ПОЛЕ КОДИРОВАННЫХ ДАННЫХ: ТИП СРЕДСТВА
Код типа средства (ISBD) n - непосредственное
200 1# - ЗАГЛАВИЕ И СВЕДЕНИЯ ОБ ОТВЕТСТВЕННОСТИ
Основное заглавие Технологические карты образовательной деятельности по формированию алгоритмических умений у старших дошкольников к методическому комплекту "Добро пожаловать в "Алгоритмический экспресс" в комплекте с роботом и без"
Сведения, относящиеся к заглавию практическое пособие
Первые сведения об ответственности С. М. Струкова, М. И. Штерман, Е. В. Ермолаева [и др.]
Последующие сведения об ответственности Структурное подразделение "Детский сад "Лукоморье" Государственного бюджетного общеобразовательного учреждения Самарской области средней общеобразовательной школы "Образовательный центр "Южный город", пос. Придорожный муниципального района Волжский Самарской области
203 ## - ВИД СОДЕРЖАНИЯ И ТИП СРЕДСТВА
Вид содержания Текст
Дополнительные сведения об издании визуальный
Тип средства непосредственный
210 ## - ПУБЛИКАЦИЯ, РАСПРОСТРАНЕНИЕ И ДР.
Место издания, распространения и т.д. Самара
Имя издателя, распространителя и т. д. Научно-технический центр
Дата издания, распространения и т.д. 2025
215 ## - ФИЗИЧЕСКАЯ ХАРАКТЕРИСТИКА
Специфическое обозначение материала и объем 120, [1] с.
Другие сведения о физической характеристике табл.
Размеры 21
300 ## - ОБЩИЕ ПРИМЕЧАНИЯ
Текст примечания Авт. указаны на обороте тит. с. в макете
300 ## - ОБЩИЕ ПРИМЕЧАНИЯ
Текст примечания Доп. информ. в ссылках QR-кодов кн.
320 ## - ПРИМЕЧАНИЯ О НАЛИЧИИ В ДОКУМЕНТЕ БИБЛИОГРАФИИ / УКАЗАТЕЛЯ
Текст примечания Библиогр.: с. 120 (8 назв.)
488 #0 - ДРУГИЕ ВЗАИМОСВЯЗАННЫЕ ПРОИЗВЕДЕНИЯ (ДОКУМЕНТЫ)
Встроенное поле 2001#$aДобро пожаловать в "Алгоритмический экспресс" в комплекте с роботом и без$eметодический комплект
Заглавие Добро пожаловать в "Алгоритмический экспресс" в комплекте с роботом и без
606 1# - НАИМЕНОВАНИЕ ТЕМЫ КАК ПРЕДМЕТ
Наименование темы Роботы
Формальный подзаголовок Практические пособия
Тематический подзаголовок Изучение в дошкольных учреждениях
Системный номер авторитетной/нормативной записи 2461846
Идентификатор авторитетной/нормативной записи RU\NLR\AUTH\6601680271
606 1# - НАИМЕНОВАНИЕ ТЕМЫ КАК ПРЕДМЕТ
Наименование темы Дошкольники
Формальный подзаголовок Практические пособия
Тематический подзаголовок Ознакомление с алгоритмикой
Системный номер авторитетной/нормативной записи 2681533
Идентификатор авторитетной/нормативной записи RU\NLR\AUTH\6601761430
686 1# - ИНДЕКСЫ ДРУГИХ КЛАССИФИКАЦИЙ
Индекс Ч411.375.5я7
686 1# - ИНДЕКСЫ ДРУГИХ КЛАССИФИКАЦИЙ
Индекс Ч411.381я7
701 #1 - ИМЯ ЛИЦА - АЛЬТЕРНАТИВНАЯ ОТВЕТСТВЕННОСТЬ
Начальный элемент ввода Струкова
Часть имени, кроме начального элемента ввода С. М.
Расширение инициалов личного имени Светлана Михайловна
701 #1 - ИМЯ ЛИЦА - АЛЬТЕРНАТИВНАЯ ОТВЕТСТВЕННОСТЬ
Начальный элемент ввода Штерман
Часть имени, кроме начального элемента ввода М. И.
Расширение инициалов личного имени Марина Игоревна
701 #1 - ИМЯ ЛИЦА - АЛЬТЕРНАТИВНАЯ ОТВЕТСТВЕННОСТЬ
Начальный элемент ввода Ермолаева
Часть имени, кроме начального элемента ввода Е. В.
Дополнения к именам, кроме дат методист дошкол. образования, дефектолог
Расширение инициалов личного имени Елена Викторовна
Системный номер авторитетной/нормативной записи 197395
Идентификатор авторитетной/нормативной записи RU\NLR\AUTH\770197446
712 02 - НАИМЕНОВАНИЕ ОРГАНИЗАЦИИ - ВТОРИЧНАЯ ОТВЕТСТВЕННОСТЬ
Код отношения Прочие
Начальный элемент ввода "Лукоморье", детский сад
Идентифицирующий признак пос. Придорожный, Самарская обл.
Системный номер авторитетной/нормативной записи 2671820
Идентификатор авторитетной/нормативной записи RU\NLR\AUTH\880629523
942 ## - ДОПОЛНИТЕЛЬНЫЕ ЭЛЕМЕНТЫ ЗАПИСИ (АБИС)
Тип экземпляра АБИС Книга
980 ## - КОЛЛЕКЦИЯ
Название коллекции Национальная библиография

Нет доступных экземпляров.